World Cup Champions - Sudden Death - Statistics

General Stats
  • This quiz has been taken 79 times
  • The average score is 7 of 8
Answers on the Grid
Answers color-coded by a green-red scale on the quiz's grid according to % correct below.
America
Argentina
Austria
Belgium
Brazil
Bulgaria
Chile
China
Colombia
Croatia
Czechslovakia
Denmark
England
France
Germany
Hungary
Italy
Japan
Mexico
Morocco
Netherlands
Peru
Poland
Portugal
Romania
Soviet Union
Spain
Sweden
Uruguay
Yugoslavia
 
Answer Stats
Answer % Correct
Argentina
92%
Brazil
88%
Italy
88%
England
86%
France
86%
Spain
84%
Germany
82%
Uruguay
73%
No matching quizzes found
Score Distribution
Percent of People with Each Score
Percentile by Number Answered
Your Score History
You have not taken this quiz